Redefining Designing - From Form to Experience (Record no. 13633)

000 -LEADER
fixed length control field 00253 a2200097 4500
020 ## - INTERNATIONAL STANDARD BOOK NUMBER
International Standard Book Number 9780471290810
100 ## - MAIN ENTRY--PERSONAL NAME
Personal name CT Mitchell
245 ## - TITLE STATEMENT
Title Redefining Designing - From Form to Experience
250 ## - EDITION STATEMENT
Edition statement 1st edition
260 ## - PUBLICATION, DISTRIBUTION, ETC.
Name of publisher, distributor, etc. John Wiley & Sons Inc;
Date of publication, distribution, etc. 1997
Holdings
Withdrawn status Lost status Source of classification or shelving scheme Damaged status Not for loan Permanent Location Current Location Date acquired Source of acquisition Cost, normal purchase price Barcode Date last seen Cost, replacement price Price effective from Koha item type
          BMS College of Architecture, Design and Planning BMS College of Architecture, Design and Planning 2025-09-12 10 8249.85 AR-UG4449 2025-09-12 11785.50 2025-09-12 UG Books
Copyright © 2025, The Librarian, Library and Information Centre, BMSCA D&P, Bengaluru. All Rights Reserved
web counter

Powered by Koha